000 00462nam a2200145 i 4500
001 bg
245 0 _aOchrona i kształtowanie środowiska przyrodniczego :
_bdzieło zbiorowe /
_cpod red. Włodzimierza Michajłowa, Kazimiera Zabierowskiego.
260 _aWarszawa,
_c1978.
700 1 _aMICHAJŁOW, Włodzimierz.
_eRed.
700 1 _aZABIEROWSKI, Kazimierz.
_eRed.
040 _cBPK
041 _apol
942 _cKS
008 s pl f |000 0 pol
999 _c34871
_d34871
856 _uhttp://koha.tu.koszalin.pl/cgi-bin/koha/opac-detail.pl?biblionumber=34871
_yKatalog online BPK